ARRUPE JESUIT UNIVERSITY

CORONAVIRUS -STOP THE SPREAD - CLEAN,DISINFECT,COVER

The closeness approach of the God of our ancestors (Record no. 17187)

MARC details
000 -LEADER
fixed length control field 00582nam a2200217Ia 4500
003 - CONTROL NUMBER IDENTIFIER
control field 0100
005 - DATE AND TIME OF LATEST TRANSACTION
control field 20161201113640.0
008 - FIXED-LENGTH DATA ELEMENTS--GENERAL INFORMATION
fixed length control field 130303s9999 xx 000 0 und d
040 ## - CATALOGING SOURCE
Transcribing agency ARRUPELIB
050 ## - LIBRARY OF CONGRESS CALL NUMBER
Classification number BT102.M881998
300 ## - PHYSICAL DESCRIPTION
Other physical details 30cm.
100 ## - MAIN ENTRY--PERSONAL NAME
Personal name Mununguri, Masumbuko
9 (RLIN) 27773
245 #4 - TITLE STATEMENT
Title The closeness approach of the God of our ancestors
260 ## - PUBLICATION, DISTRIBUTION, ETC. (IMPRINT)
Place of publication, distribution, etc Niarobi
260 ## - PUBLICATION, DISTRIBUTION, ETC. (IMPRINT)
Name of publisher, distributor, etc Paulines publications Africa
300 ## - PHYSICAL DESCRIPTION
Extent 111p.
650 ## - SUBJECT ADDED ENTRY--TOPICAL TERM
Topical term following geographic name as entry element God
9 (RLIN) 27774
650 ## - SUBJECT ADDED ENTRY--TOPICAL TERM
Topical term following geographic name as entry element Africa
General subdivision Religion
9 (RLIN) 21261
700 ## - ADDED ENTRY--PERSONAL NAME
Personal name Masumbuko Mununguri
9 (RLIN) 27775
942 00 - ADDED ENTRY ELEMENTS (KOHA)
Koha issues (borrowed), all copies 2
Source of classification or shelving scheme Library of Congress Classification
Koha item type Monograph ( Printed materials)
Holdings
Withdrawn status Lost status Source of classification or shelving scheme Damaged status Not for loan Collection code Home library Current library Date acquired Total Checkouts Full call number Barcode Date last seen Date checked out Copy number Price effective from Koha item type Shelving location
    Library of Congress Classification     Main Collection ARRUPE LIBRARY ARRUPE LIBRARY 04/03/2013 5 BT102.M88 1998 46003091722 11/01/2017 26/10/2016 1 04/03/2013 Monograph ( Printed materials)  
    Library of Congress Classification     Main Collection ARRUPE LIBRARY ARRUPE LIBRARY 01/12/2016   BT102.M88 1998 46500020913 01/12/2016   2 01/12/2016 Monograph ( Printed materials) Main Collection

 

Arrupe Library. PO Box MP320 Mt Pleasant, Harare, Zimbabwe
263 242 745411|librarian@aju.ac.zw